Statistics for Tennis - Andy Murray

Click here to take the quiz!

General Stats

  • This quiz has been taken 744 times
    (406 since last reset)
  • The average score is 9 of 12

Answer Stats

HintAnswer% Correct
Who did Murray beat in the London 2012 Olympic singles final?Roger Federer
96%
Which country did Murray win his first grand slam title in?United States
96%
What year was he born?1987
95%
In which round did he lose in the 2012 Queen's Club Championships?2nd round
95%
In which year did Murray reach his first Wimbledon final?2012
92%
What year did Murray reach his first grand slam final?2008
90%
What is Murray's tennis playing brother called?Jamie
87%
What type of injury derailed Murray's career in 2017?Hip
76%
In which city was Murray born?Glasgow
75%
Who did Murray partner in the same tournament's mixed doubles event?Laura Robson
50%
Who did he beat in the 2013 Miami Masters final?David Ferrer
43%
In which city was the 2015 Davis Cup final played?Ghent
23%

Score Distribution

Percentile by Number Answered

Percent of People with Each Score

Your Score History

You have not taken this quiz since the last reset